| 000 | 00687nam a22002297a 4500 | ||
|---|---|---|---|
| 999 |
_c9388 _d9388 |
||
| 003 | AR-CdUCM | ||
| 008 | 190327b ||||| |||| 00| 0 spa d | ||
| 040 |
_aMUNICIPALIDAD PROVINCIAL DEL CUSCO _cBIBLIOTECA MUNICIPAL DEL CUSCO |
||
| 082 |
_a869.56 / _bSI52 |
||
| 100 |
_aDe la Sierra, Florencio _925555 |
||
| 245 | _aAúllan los perros / | ||
| 260 |
_aLima : _bFolklore, _c1951. |
||
| 300 |
_a93 paginas : _c24 cm. |
||
| 440 |
_aColección Tierra _n2 _925556 |
||
| 500 | _aDonación de la familia Nieto. Dedicatoria a Luis Nieto. | ||
| 650 |
_aCuentos _9217 |
||
| 650 |
_aPoemas _9929 |
||
| 650 |
_aLiteratura _983 |
||
| 650 |
_aHistoria _9136 |
||
| 942 |
_2ddc _cLIBROS |
||
| 945 | _apjha | ||